Türkiye yol ayrımında (Record no. 7998)

MARC details
000 -BAŞLIK
Sabit Uzunlukta Kontrol Alanı 01016na a2200325 4500
001 - KONTROL NUMARASI
Denetim Alanı 17824
003 - KONTROL NUMARASI IDENTIFIER
Denetim Alanı MIRAKIL
005 - SON İŞLEM TARİHİ VE ZAMANI
Denetim Alanı 20181213155156.0
008 - SABİT-BOY VERİ ELEMANLARI - GENEL BİLGİLER
Sabit Uzunlukta Kontrol Alanı 161104b tu 000 0
035 ## - SİSTEM KONTROL NUMARASI
Sistem Kontrol Numarası 17824
040 ## - KATALOGLAMA KAYNAK
Orijinal Kataloglama Ajansı Milas
Kataloglama Dili tur
Metne Dönüştürmek Ajansı TR-AnCHP
041 ## - DİL KODU
Metin / Ses Parça Veya Ayrı Başlığın Dil Kodu tur
082 ## - DEWEY ONLU SINIFLANDIRMA NUMARASI
Sınıflandırma Numarası CHP 324.2372
Ürün Numarası C36t 1996
090 ## - SINIFLAMA NUMARASI
Sınıflama Numarası CHP 324.2372 C36t 1996
111 ## - ANA GİRİŞ - TOPLANTI ADI
Giriş Elemanı Olarak Toplantı Adı Veya Yargı Alanı Adı CHP Küçük Kurultayı
Toplantının Yeri Ankara
Toplantı Veya Antlaşma İmzalandığı Tarihi 19 Ekim 1996
245 ## - BAŞLIK TABLOSU
Başlık Türkiye yol ayrımında
Başlığın Kalan CHP Küçük Kurultayı
-- 19 Ekim 1996
Sorumluluk Tablosu, Vb Cumhuriyet Halk Partisi
246 ## - UNVAN FORM VARYING
Başlık Doğru / Kısa Başlığı Küçük Kurultay
246 ## - UNVAN FORM VARYING
Başlık Doğru / Kısa Başlığı CHP Küçük Kurultayı
260 ## - YAYIN, DAĞITIM, VB
Yayın, Dağıtım, Vb Yeri Ankara
Yayıncı, Dağıtıcı, Vs Adı CHP
Yayın, Dağıtım, Vb Tarihi 1996
300 ## - FİZİKSEL TANIM
Kapsam 13 s.
Boyutlar 30 sm.
490 ## - SERİSİ TABLOSU
Seri Beyanı Cumhuriyet Halk Partisi yayınları
610 ## - KONU KATMA GİRİŞ - TOPLANTI ADI
Giriş Elemanı Olarak Kurumsal Ad Veya Yargı Alanı Adı Cumhuriyet Halk Partisi
610 ## - KONU KATMA GİRİŞ - TOPLANTI ADI
Giriş Elemanı Olarak Kurumsal Ad Veya Yargı Alanı Adı Cumhuriyet Halk Partisi
Genel Alt Bölüm Kurultaylar
Kronolojik Alt Bölüm 1996
651 ## - KONU KATMA GİRİŞ - COĞRAFİ ADI
Coğrafi İsim Türkiye
Genel Alt Bölümü Siyaset ve yönetim
Kronolojik Alt Bölümü 1995-1999
740 ## - KATMA GİRİŞ - KONTROLSUZ İLGİLİ / ANALİTİK BAŞLIK
Kontrol Edilmeyen / İlgili Analitik Başlıktaki CHP Küçük Kurultay
830 ## - SERİSİ EKLENDİ GİRİŞ - ÜNİFORM ADI
Üniforma Başlık CHP yayınları
942 ## - EKLENDİ GİRİŞ ELEMANLARI (KOHA)
Sınıflandırma Veya Raf Düzeni Kaynak Dewey Decimal Classification
Koha Öğesi Türü Books
999 ## - SİSTEM KONTROL NUMARALARI (KOHA)
Koha Biblionumber 7998
Koha Biblioitemnumber 7998
657 ## - INDEX SÜRE - İŞLEVİ
-- CHP küçük kurultayları
657 ## - INDEX SÜRE - İŞLEVİ
-- CHP kurultayları
Holdings
Kalıcı Konum Mevcut Konum Edinme Tarihi Edinim Kaynak Toplam Check-Out'Lar Tam Çağrı Numarası Barkod Tarih Son Görülme İtibaren Geçerli Fiyatlar Koha Öğesi Türü Kopya Sayısı
CHP Kütüphanesi CHP Kütüphanesi 11/04/2016 Bağış   CHP 324.2372 C36t 1996 009109 11/04/2016 11/04/2016 Books  
CHP Kütüphanesi CHP Kütüphanesi 11/04/2016 Bağış   CHP 324.2372 C36t 1996 009110 11/04/2016 11/04/2016 Books k.2
CHP Kütüphanesi CHP Kütüphanesi 11/04/2016 Bağış   CHP 324.2372 C36t 1996 009111 11/04/2016 11/04/2016 Books k.3
CHP Kütüphanesi CHP Kütüphanesi 11/04/2016 Bağış   CHP 324.2372 C36t 1996 009112 11/04/2016 11/04/2016 Books k.4
CHP Kütüphanesi CHP Kütüphanesi 11/04/2016 Bağış   CHP 324.2372 C36t 1996 009113 11/04/2016 11/04/2016 Books k.5